[Атлас Каспийского моря. Хартина плоская генеральная моря Каспийского от устья Ярковского до залива Астрабацкого Померидиану возвышаетца в градусах и минутах Глубина в саженях и футах … (Запись № 10010350)
[ простой вид ]
| 000 -МАРКЕР | |
|---|---|
| контрольное поле | 01817nem2a2200325 4500 |
| 001 - ИДЕНТИФИКАТОР ЗАПИСИ | |
| контрольное поле | RU\NLR\DIGIT\30665 |
| 005 - ИДЕНТИФИКАТОР ВЕРСИИ | |
| контрольное поле | 20260319110056.0 |
| 035 ## - ДРУГИЕ СИСТЕМНЫЕ НОМЕРА | |
| Идентификатор записи | (NLR Aleph) 010124373 |
| 100 ## - ДАННЫЕ ОБЩЕЙ ОБРАБОТКИ | |
| Данные общей обработки | 20060210f1731 m y0rusy50 ca |
| 101 0# - ЯЗЫК РЕСУРСА | |
| Язык текста, звукозаписи и т.д. | русский |
| 102 ## - СТРАНА ПУБЛИКАЦИИ ИЛИ ПРОИЗВОДСТВА | |
| Страна публикации | Российская Федерация |
| 135 ## - ПОЛЕ КОДИРОВАННЫХ ДАННЫХ: ЭЛЕКТРОННЫЕ РЕСУРСЫ | |
| Кодированные данные для электронного ресурса | crcn 024apabr |
| 200 1# - ЗАГЛАВИЕ И СВЕДЕНИЯ ОБ ОТВЕТСТВЕННОСТИ | |
| Основное заглавие | Хартина плоская генеральная моря Каспийского от устья Ярковского до залива Астрабацкого Померидиану возвышаетца в градусах и минутах Глубина в саженях и футах … |
| Первые сведения об ответственности | Сост. Ф.П. Соймонов |
| 215 ## - ФИЗИЧЕСКАЯ ХАРАКТЕРИСТИКА | |
| Специфическое обозначение материала и объем | Фотокопия |
| -- | 1 л. |
| Другие сведения о физической характеристике | 54х56 (47х57) |
| 325 ## - ПРИМЕЧАНИЕ О КОПИИ | |
| Текст примечания | Копия доступна в Электрон. б-ке РНБ http://vivaldi.nlr.ru/ca000000021/view |
| 461 #0 - УРОВЕНЬ НАБОРА | |
| Встроенное поле | 001RU\NLR\A1\23632 |
| -- | 2001#$a[Атлас Каспийского моря]$fСост. Ф.П. Соймонов |
| -- | 210##$a[Санкт-Петербург]$c[Адмиралтейская коллегия, Академ. тип.]$d[1731] |
| Системный номер (АБИС) связанной записи | 9691336 |
| Автор | Соймонов, Ф. И. (1682-1780) |
| Место публикации | СПб. |
| Дата публикации | 1731] |
| Имя издателя, распространителя и т.д. | При Адмиралт. коллегии в Акад. тип. |
| Физическая характеристика | 8 л. к. |
| Заглавие | [Атлас Каспийского моря |
| 700 #1 - ИМЯ ЛИЦА - ПЕРВИЧНАЯ ОТВЕТСТВЕННОСТЬ | |
| Начальный элемент ввода | Соймонов |
| Часть имени, кроме начального элемента ввода | Ф. П. |
| Код отношения | Составитель |
| 801 #2 - ИСТОЧНИК ЗАПИСИ | |
| Страна | Российская Федерация |
| Организация | NLR |
| Дата составления | 20070626 |
| Источник данных | rusmarc |
| 852 ## - МЕСТОНАХОЖДЕНИЕ И ШИФР ХРАНЕНИЯ | |
| Идентификатор организации | NLR |
| Шифр хранения (Call Number) | К 1-Касп 2/1 |
| 856 #0 - МЕСТОНАХОЖДЕНИЕ ЭЛЕКТРОННЫХ РЕСУРОВ И ДОСТУП К НИМ | |
| Универсальный идентификатор ресурса (Uniform Resource Identifier) | http://vivaldi.nlr.ru/ca000000021/view |
| 856 #1 - МЕСТОНАХОЖДЕНИЕ ЭЛЕКТРОННЫХ РЕСУРОВ И ДОСТУП К НИМ | |
| Универсальный идентификатор ресурса (Uniform Resource Identifier) | http://vivaldi.nlr.ru/ca000000021/cover |
| 856 #2 - МЕСТОНАХОЖДЕНИЕ ЭЛЕКТРОННЫХ РЕСУРОВ И ДОСТУП К НИМ | |
| Универсальный идентификатор ресурса (Uniform Resource Identifier) | http://vivaldi.nlr.ru/ca000000021/text |
| 942 ## - ДОПОЛНИТЕЛЬНЫЕ ЭЛЕМЕНТЫ ЗАПИСИ (АБИС) | |
| Тип экземпляра АБИС | Карта |
| 980 ## - КОЛЛЕКЦИЯ | |
| Название коллекции | Сводный каталог русских печатных карт 18 века |
| 980 ## - КОЛЛЕКЦИЯ | |
| Название коллекции | Национальная библиография |
| 981 36 - КОЛЛЕКЦИЯ ЭЛЕКТРОННОЙ БИБЛИОТЕКИ | |
| Название коллекции | Цифровой репозиторий РНБ |
| 981 19 - КОЛЛЕКЦИЯ ЭЛЕКТРОННОЙ БИБЛИОТЕКИ | |
| Название коллекции | Картографические материалы |
Нет доступных экземпляров.